-ean Definitions Quiz Stats

 Plays Quiz Updated Nov 5, 2017

Also try: -son Definitions
Challenge
Share
Tweet
Embed
Score 0/15 Timer 03:00
5 Plays Today
% Correct
Clean
96.7%
Dean
96.1%
Bean
95.5%
Crustacean
95.5%
Jellybean
95.4%
Ocean
94.5%
Jean
94.3%
Subterranean
94.3%
% Correct
Demean
93.5%
Wean
90.3%
Mean
86.1%
Glean
83.1%
Lethean
60.8%
Protean
48.2%
Cyclopean
44.8%

You're not logged in!

Compare scores with friends on all Sporcle quizzes.
Join for Free
OR
Log In

You Might Also Like...

Show Comments

Extras

Top Quizzes Today


Score Distribution

Your Account Isn't Verified!

In order to create a playlist on Sporcle, you need to verify the email address you used during registration. Go to your Sporcle Settings to finish the process.

Report this User

Report this user for behavior that violates our Community Guidelines.

Details: